000
00343 a2200157 4500
001
183413
020
_a
85-329-0207-3
040
_c
Magnum
100
_a
Lima, Norma Sofia Coelho de
240
1
0
_a
Elê... o quê?
_l
por
245
1
0
_a
Elê... o quê?
300
_a
15
440
1
_a
Lê
697
_a
LITERATURA INFANTO-JUVENIL
942
_c
BK
999
_c
183413
_d
183413